000
00486nam a2200145Ia 4500
008
100204s9999 xx 000 0 und d
082
_b
6362
100
_a
ताम्हणकर ना. धो.
245
_a
खडकावरला अंकुर
260
_b
"कंंे. भि. ढवळे , मुंबई"
_c
1983 7
300
_a
140
630
_a
खडकावरला अंकुर
730
_a
खडकावरला अंकुर
942
_c
BOOK
999
_c
450824
_d
450821